[Event "GER-ch NSV Online 1st"]
[Site "Playchess.com INT"]
[Date "2020.04.26"]
[Round "6"]
[White "Kaufmann, Guido"]
[Black "Alsleben, Moritz"]
[Result "1-0"]
[WhiteElo "1816"]
[BlackElo "1896"]
[PlyCount "49"]
[EventDate "2020.04.26"]
[EventType "swiss (blitz)"]
[EventRounds "13"]
[EventCountry "GER"]
[SourceTitle "CBM 196 Extra"]
[Source "ChessBase"]
[SourceDate "2020.07.31"]
[SourceVersion "1"]
[SourceVersionDate "2020.07.31"]
[SourceQuality "1"]

1. e4 e6 2. d4 d5 3. exd5 exd5 4. Bd3 Nf6 5. Ne2 Bd6 6. c3 b6 7. Bg5 Nbd7 8. Nd2 Bb7 9. 0-0 0-0 10. Qc2 h6 11. Bh4 c5 12. dxc5 bxc5 13. Rad1 Bxh2+ 14. Kxh2 Ng4+ 15. Kg1 Qxh4 16. Nf3 Qh5 17. Ng3 Ne3 18. Nxh5 Nxc2 19. Bxc2 Nb6 20. Rfe1 Rad8 21. Nh4 Rd7 22. Nf5 Rfd8 23. Nfxg7 Rd6 24. Nf5 R6d7 25. Nf6+ 1-0

[Event "Hamburg Junge op"]
[Site "Hamburg"]
[Date "2005.10.07"]
[Round "5"]
[White "Alsleben, Moritz"]
[Black "Rudolph, Jens Erik"]
[Result "1/2-1/2"]
[WhiteElo "1785"]
[BlackElo "1917"]
[PlyCount "117"]
[EventDate "2005.10.01"]
[EventType "swiss"]
[EventRounds "9"]
[EventCountry "GER"]
[SourceTitle "CBM 108 Extra"]
[Source "ChessBase"]
[SourceDate "2005.11.04"]
[SourceVersion "1"]
[SourceVersionDate "2005.11.04"]
[SourceQuality "1"]

1. d4 g6 2. Nf3 Bg7 3. g3 d6 4. Bg2 Nd7 5. c4 Ngf6 6. Nc3 0-0 7. 0-0 e5 8. e4 c6 9. h3 Qb6 10. dxe5 dxe5 11. Qc2 Re8 12. Be3 Qb4 13. Nd2 Qe7 14. a3 a5 15. Rfd1 Nc5 16. Na4 Nfd7 17. Nxc5 Nxc5 18. b4 Ne6 19. c5 Nd4 20. Bxd4 exd4 21. Rab1 axb4 22. axb4 f5 23. f3 Be6 24. Nc4 Bxc4 25. Qxc4+ Qf7 26. Qd3 Ra2 27. f4 fxe4 28. Bxe4 Qe6 29. Re1 Rea8 30. Bg2 Qf7 31. Rb3 Ra1 32. Rxa1 Rxa1+ 33. Rb1 Qa2 34. Rxa1 Qxa1+ 35. Bf1 Qc3 36. Qxc3 dxc3 37. Bd3 Kf7 38. Kf1 Ke6 39. Ke2 Kd5 40. f5 gxf5 41. Bxf5 Kc4 42. Bxh7 Kxb4 43. Kd1 Kxc5 44. h4 b5 45. g4 Kb4 46. Kc2 c5 47. g5 c4 48. h5 Kc5 49. h6 Bf8 50. Kxc3 b4+ 51. Kb2 Kd4 52. Bg6 Ke3 53. Bf7 c3+ 54. Kc2 Kf4 55. Bb3 Kxg5 56. h7 Bg7 57. h8Q Bxh8 58. Bg8 Be5 59. Bb3 1/2-1/2

[Event "Hamburg Junge op"]
[Site "Hamburg"]
[Date "2005.10.02"]
[Round "2"]
[White "Moehrmann, Marcus"]
[Black "Alsleben, Moritz"]
[Result "1-0"]
[WhiteElo "2091"]
[BlackElo "1785"]
[PlyCount "41"]
[EventDate "2005.10.01"]
[EventType "swiss"]
[EventRounds "9"]
[EventCountry "GER"]
[SourceTitle "CBM 108 Extra"]
[Source "ChessBase"]
[SourceDate "2005.11.04"]
[SourceVersion "1"]
[SourceVersionDate "2005.11.04"]
[SourceQuality "1"]

1. e4 c5 2. Nf3 d6 3. d4 cxd4 4. Nxd4 Nf6 5. Nc3 a6 6. Be2 e6 7. 0-0 Be7 8. a4 0-0 9. f4 Qc7 10. Kh1 b6 11. Bf3 Bb7 12. f5 e5 13. Nb3 Nbd7 14. g4 Nc5 15. Qe2 Nfd7 16. Be3 Nxb3 17. cxb3 Bc6 18. g5 Qb7 19. b4 Rfd8 20. b5 axb5 21. axb5 1-0

[Event "Hamburg Junge op"]
[Site "Hamburg"]
[Date "2005.10.01"]
[Round "1"]
[White "Alsleben, Moritz"]
[Black "Becker, Mario"]
[Result "1/2-1/2"]
[WhiteElo "1785"]
[BlackElo "2135"]
[PlyCount "45"]
[EventDate "2005.10.01"]
[EventType "swiss"]
[EventRounds "9"]
[EventCountry "GER"]
[SourceTitle "CBM 108 Extra"]
[Source "ChessBase"]
[SourceDate "2005.11.04"]
[SourceVersion "1"]
[SourceVersionDate "2005.11.04"]
[SourceQuality "1"]

1. Nf3 Nf6 2. d4 e6 3. c4 Nc6 4. Nc3 Bb4 5. Bg5 h6 6. Bxf6 Bxc3+ 7. bxc3 Qxf6 8. g3 d6 9. Bg2 0-0 10. 0-0 e5 11. Rb1 Rb8 12. Re1 Re8 13. d5 Ne7 14. Qa4 Bf5 15. Rxb7 Rxb7 16. Qxe8+ Kh7 17. Qa4 Ng6 18. Qa3 Qd8 19. Nd2 Qg5 20. Qc1 Qe7 21. e4 Bd7 22. Nb3 c5 23. Re2 1/2-1/2

[Event "GER-chT U16"]
[Site "Verden"]
[Date "2003.07.05"]
[Round "2.1"]
[White "Reinkemeier, Tobias"]
[Black "Alsleben, Moritz"]
[Result "1-0"]
[WhiteElo "1761"]
[BlackElo "1534"]
[PlyCount "55"]
[EventDate "2003.07.05"]
[EventType "team"]
[EventRounds "7"]
[EventCountry "GER"]
[SourceTitle "EXT 2005"]
[Source "ChessBase"]
[SourceDate "2004.11.15"]
[SourceVersion "1"]
[SourceVersionDate "2004.11.15"]
[SourceQuality "1"]

1. e4 e6 2. d4 d5 3. Nd2 dxe4 4. Nxe4 Nd7 5. Nf3 Ngf6 6. Bd3 b6 7. 0-0 Bb7 8. Re1 c5 9. dxc5 Nxe4 10. Bxe4 Bxe4 11. Rxe4 Bxc5 12. b4 Be7 13. Bf4 Bf6 14. Be5 Nxe5 15. Nxe5 0-0 16. Qe2 Bxe5 17. Rxe5 Qc7 18. c4 Rfd8 19. Re4 Rac8 20. Rd1 Rxd1+ 21. Qxd1 Rd8 22. Rd4 Rc8 23. Rd7 Qb8 24. c5 bxc5 25. bxc5 Kf8 26. c6 Qb6 27. Qd6+ Kg8 28. c7 1-0

[Event "Niedersachsen-chT U16"]
[Site "Verden"]
[Date "2002.06.16"]
[Round "4.2"]
[White "Dietrich, Christian"]
[Black "Alsleben, Moritz"]
[Result "1-0"]
[WhiteElo "1479"]
[BlackElo "1459"]
[PlyCount "33"]
[EventDate "2002.06.15"]
[EventType "team"]
[EventRounds "7"]
[EventCountry "GER"]
[SourceTitle "EXT 2003"]
[Source "ChessBase"]
[SourceDate "2002.11.25"]
[SourceVersion "1"]
[SourceVersionDate "2002.11.25"]
[SourceQuality "1"]

1. e4 e6 2. d4 d5 3. exd5 exd5 4. Bd3 Nf6 5. Ne2 Be7 6. Bg5 Nbd7 7. Nbc3 b6 8. Qd2 Bb7 9. f3 h6 10. Bf4 0-0 11. g4 Ne8 12. Bxh6 gxh6 13. Qxh6 Nef6 14. g5 Re8 15. gxf6 Bxf6 16. Rg1+ Bg5 17. Rxg5+ 1-0

[Event "JBLN West 0102 "]
[Site "Germany"]
[Date "2002.04.21"]
[Round "?"]
[White "Alsleben, Moritz"]
[Black "Mossafer, Golam Reza"]
[Result "0-1"]
[WhiteElo "1214"]
[BlackElo "1267"]
[PlyCount "68"]
[EventDate "2002.10.??"]
[EventType "team"]
[EventRounds "9"]
[EventCountry "GER"]
[SourceTitle "EXT 2005"]
[Source "ChessBase"]
[SourceDate "2004.11.15"]
[SourceVersion "1"]
[SourceVersionDate "2004.11.15"]
[SourceQuality "1"]

1. d4 Nf6 2. c4 c5 3. d5 b5 4. Nf3 g6 5. Nbd2 bxc4 6. e4 d6 7. Bxc4 Bg7 8. 0-0 0-0 9. Qe2 Nbd7 10. Rb1 Nb6 11. Rd1 Qc7 12. b3 Bd7 13. Bb2 a5 14. Rbc1 a4 15. Qe3 Ng4 16. Qg5 Bxb2 17. h3 Bf6 18. Qf4 Ne5 19. Nxe5 Bxe5 20. Qh4 e6 21. Nf3 Qd8 22. Qh6 Bg7 23. Qe3 exd5 24. Bxd5 Nxd5 25. exd5 Re8 26. Qd2 axb3 27. axb3 Qb6 28. Rb1 Bf5 29. Rbc1 Qxb3 30. Qf4 Ra6 31. Qh4 h6 32. Re1 Raa8 33. Qg3 Rxe1+ 34. Rxe1 Qxd5 0-1